| 000 | 00911nam a2200229Ia 4500 | ||
|---|---|---|---|
| 008 | 0000001984 sp a 0000000000spa00 | ||
| 020 | _a8439828632 | ||
| 090 | _aPSP00 M17m1 | ||
| 100 | 1 | _aMari, Antoni | |
| 245 | 1 | 0 |
_aMiquel Barcelo _b: pinturas _c/ texto Antoni Marí ; fotografías Cristhope Jardín ... [et al.] |
| 300 |
_a39 p. _c/ 25 cm. |
||
| 500 | _aExposición realizada en Galería Juana de Aizpuru, Madrid, 1984 \ Con el patronazgo del maestro venezolano Jesús Rafael Soto (q.e.p.d.) \ Registro auspiciado por el IDCT. Bogotá | ||
| 600 | 0 | 0 |
_aBARCELO, MIQUEL, 1957/ _xTRABAJOS PICTORICOS |
| 650 | 1 | 4 | _aARTE CONTEMPORANEO ESPAÑOL |
| 650 | 1 | 4 | _xCATALOGOS |
| 650 | 1 | 4 | _xEXPOSICIONES |
| 650 | 1 | 4 | _aGRABADOS ESPAÑOLES |
| 650 | 1 | 4 | _aPINTORES ESPAÑOLES |
| 650 | 1 | 4 | _aPINTURA ESPAÑOLA |
| 700 | 1 | _aJardín, Christhope | |
| 999 |
_c2840 _d2840 |
||
| 260 |
_aMadrid : Galería Juana de Aizpuru _c1984 |
||